[Event "It (open)"]
[Site "masterchessopen.com Malakoff (France)"]
[Date "2006.04.13"]
[Round "7"]
[White "Pira Davoud (FRA)"]
[Black "Touboulic Julien (FRA)"]
[Result "1-0"]
[WhiteElo "2398"]
[BlackElo "2249"]

1.d4 Nf6 2.Nf3 g6 3.g3 Bg7 4.Bg2 O-O 5.O-O d5 6.c4 dxc4 7.Na3 c3 8.bxc3 c5
9.e3 Nc6 10.Qe2 Qa5 11.Bb2 Bf5 12.Nd2 cxd4 13.cxd4 Rfd8 14.Rfc1 Rac8 15.Nb3
Qb6 16.Nc4 Qc7 17.e4 Bg4 18.f3 Bd7 19.d5 b5 {#r} 1-0

[Event "It (open) \"]
[Site "masterchessopen.com Berlin (Germany)"]
[Date "2006.08.20"]
[Round "2"]
[White "Lamb Ian (FRA)"]
[Black "Wagner Paul-Werner (GER)"]
[Result "1-0"]
[WhiteElo "1678"]
[BlackElo "1855"]

1.Nf3 d5 2.g3 g6 3.Bg2 Bg7 4.d4 Nf6 5.O-O O-O 6.c4 dxc4 7.Na3 Nc6 8.Nxc4 Ne8
9.d5 Nb8 10.e4 Bg4 11.Qb3 b6 12.Nfe5 Be2 13.Re1 Bxc4 14.Nxc4 Nd6 15.e5 Nxc4
16.Qxc4 Nd7 17.Bf4 Rc8 18.Bh3 Rb8 19.Rac1 Nc5 20.b4 Na4 21.Qxc7 Qxd5 22.e6 Rb7
23.Qc2 Qb5 24.Bg2 Rbb8 25.Bxb8 Rxb8 26.exf7+ Kxf7 27.Qc7 {#r} 1-0

[Event "It (open)"]
[Site "masterchessopen.com Tuzla (Bosnia & Herzegovina)"]
[Date "2006.09.19"]
[Round "7"]
[White "Trumic Enes (BIH)"]
[Black "Bajric Sakib (BIH)"]
[Result "1-0"]
[WhiteElo "2295"]
[BlackElo "2349"]

1.d4 Nf6 2.Nf3 g6 3.g3 Bg7 4.Bg2 d5 5.c4 O-O 6.O-O dxc4 7.Qc2 Nfd7 8.Na3 Nb6
9.Nxc4 Nc6 10.Nxb6 axb6 11.Rd1 Bg4 12.d5 Ne5 13.Nxe5 Bxe5 14.Qe4 {#r} 1-0

[Event "Ch Asia (juniors) (under 20)"]
[Site "masterchessopen.com Delhi (India)"]
[Date "2006.11.10"]
[Round "4"]
[White "Suraj Choudhary (IND)"]
[Black "Sai Srinivas (IND)"]
[Result "0-1"]
[WhiteElo "1905"]
[BlackElo "2333"]

1.d4 Nf6 2.Nf3 g6 3.g3 Bg7 4.Bg2 O-O 5.O-O d5 6.c4 dxc4 7.Na3 Nc6 8.Nxc4 Be6
9.Nce5 Bd5 10.Nxc6 Bxc6 11.b3 a5 12.Ba3 a4 13.b4 Bd5 14.Ne5 Bxg2 15.Kxg2 Qd5+
16.Kg1 Rfd8 17.e3 Ne4 18.Nd3 e5 19.Nxe5 Bxe5 20.dxe5 Nd2 21.f4 Nxf1 22.Qxd5
Rxd5 23.Kxf1 Rd3 24.Bc1 Rd1+ 25.Ke2 Rad8 26.Kf3 Rf1+ 27.Ke4 Rdd1 {#R} 0-1

[Event "Extraliga 2006/07"]
[Site "masterchessopen.com Slovakia"]
[Date "2006.11.11"]
[Round "3"]
[White "Maros Milan (SVK)"]
[Black "Motuz Karol (SVK)"]
[Result "0-1"]
[WhiteElo "2298"]
[BlackElo "2311"]

1.d4 Nf6 2.Nf3 g6 3.g3 Bg7 4.Bg2 d5 5.O-O O-O 6.c4 dxc4 7.Nbd2 c5 8.Nxc4 Nc6
9.dxc5 Be6 10.Nfe5 Nd5 11.Nxc6 bxc6 12.Qa4 Qc7 13.Bd2 Qb7 14.Rab1 Rfd8 15.Rfd1
Rac8 16.Na5 Qa6 17.Bf1 Qb5 18.Qxb5 cxb5 19.Nb3 Bf5 20.Ba5 Bxb1 21.Bxd8 Bxa2
22.Rxd5 Bxb3 23.Rd2 Bf6 24.e4 b4 25.e5 Bxe5 26.Bxe7 a5 27.Ba6 Re8 28.Bd6 a4
29.Bb5 Rd8 30.f4 Bxd6 31.Rxd6 Rxd6 32.cxd6 Kf8 {#R} 0-1

[Event "It (open)"]
[Site "masterchessopen.com Montpellier (France)"]
[Round "4"]
[White "Dadban Ali (FRA)"]
[Black "Maruejols Claude (FRA)"]
[Result "0-1"]
[WhiteElo "2169"]
[BlackElo "2044"]

1.Nf3 Nf6 2.c4 g6 3.g3 Bg7 4.Bg2 O-O 5.O-O d5 6.d4 dxc4 7.Na3 c3 8.bxc3 c5
9.e3 Nc6 10.Qe2 Nd5 11.Bb2 Qa5 12.Nc4 Qa6 13.Rfe1 Rb8 14.Bf1 b5 15.Na3 Nxc3
16.Bxc3 Qxa3 17.Bb2 Qb4 18.a3 Qb3 19.Rab1 c4 20.Rec1 Qa4 21.h3 e6 22.Ng5 Na5
23.Ne4 Nb3 24.Rd1 Qa5 25.d5 exd5 26.Bxg7 Kxg7 27.Qb2+ f6 28.Rxd5 Bf5 29.Bg2
Rbd8 30.Rbd1 Rxd5 31.Rxd5 Bxe4 32.Bxe4 Rd8 33.Qc2 Rxd5 34.Bxd5 Qxa3 35.Qe4
Qa1+ 36.Kg2 Qe5 {#R} 0-1

[Event "It (c)"]
[Site "masterchessopen.com Vladimir (Russia)"]
[Date "2006.12.22"]
[Round "13"]
[White "Chistiakova Tamara (RUS)"]
[Black "Papenin Nikolai (UKR)"]
[Result "1-0"]
[WhiteElo "2314"]
[BlackElo "2354"]

1.Nf3 g6 2.d4 Bg7 3.c4 Nf6 4.g3 O-O 5.Bg2 d5 6.O-O dxc4 7.Na3 c3 8.bxc3 c5
9.Nc4 Be6 10.Nce5 cxd4 11.cxd4 Bd5 12.Ba3 Nc6 13.Rb1 Nxe5 14.Nxe5 Bxg2 15.Kxg2
Qd5+ 16.f3 Rfe8 17.Qd3 Rad8 18.Rfd1 b6 19.Rb5 Qxa2 20.Nc4 Nd5 21.Rc1 Bxd4
22.Qxd4 Qxe2+ 23.Qf2 Qxf2+ 24.Kxf2 Nc7 25.Re5 Ne6 26.Ne3 Rd7 27.Rd5 Rxd5
28.Nxd5 Rd8 29.Nxe7+ Kg7 30.Ke3 a5 31.Rb1 Rb8 32.Nc6 Rb7 33.Nxa5 Ra7 34.Nc4
{#r} 1-0

[Event "It \"]
[Site "masterchessopen.com Basel (Switzerland)"]
[Date "2007.01.01"]
[Round "1"]
[White "Giertz Niklaus (SUI)"]
[Black "Fargere Jacky (FRA)"]
[Result "1-0"]
[WhiteElo "2345"]
[BlackElo "2049"]

1.d4 Nf6 2.Nf3 g6 3.g3 Bg7 4.Bg2 O-O 5.O-O d5 6.c4 dxc4 7.Na3 c5 8.Nxc4 Be6
9.b3 Nc6 10.Bb2 cxd4 11.Nxd4 Nxd4 12.Qxd4 Qxd4 13.Bxd4 Bd5 14.Bxf6 Bxf6
15.Bxd5 Bxa1 16.Rxa1 Rab8 17.Bf3 Rfc8 18.Na5 Rc7 19.b4 Rc2 20.Nxb7 Rc7 21.Nc5
{#r} 1-0

[Event "Czech League 2006/07 (2nd) (d)"]
[Site "masterchessopen.com Czech Republic"]
[Date "2007.02.11"]
[Round "7"]
[White "Varejcko Josef (CZE)"]
[Black "Skliba Martin (CZE)"]
[Result "1-0"]
[WhiteElo "2239"]
[BlackElo "2255"]

1.d4 Nf6 2.g3 g6 3.Bg2 d5 4.Nf3 Bg7 5.O-O O-O 6.c4 dxc4 7.Na3 Nc6 8.Nxc4 Be6
9.b3 Bd5 10.Bb2 a5 11.Nfe5 Bxg2 12.Kxg2 Nxe5 13.dxe5 Nd7 14.Qc2 c6 15.Rad1 Qc7
16.f4 Rfd8 17.e4 Nb6 18.Ne3 a4 19.b4 h5 20.Bd4 e6 21.g4 g5 22.gxh5 gxf4 23.Ng4
Nd7 24.Qf2 c5 25.bxc5 Nxe5 26.Qxf4 Rxd4 27.Rxd4 Qxc5 28.Rfd1 Nxg4 29.Qxg4 Kh7
30.Rd7 Rf8 31.Rf1 Qc4 32.Rfxf7 Qxa2+ 33.Kh3 {#r} 1-0

[Event "Czech League 2006/07 (krajsky prebor)"]
[Site "masterchessopen.com Czech Republic"]
[Date "2007.02.18"]
[Round "0"]
[White "Suchanek Miroslav"]
[Black "Kvicala Miroslav (CZE)"]
[Result "0-1"]
[WhiteElo "1798"]
[BlackElo "2029"]

1.Nf3 Nf6 2.d4 d5 3.g3 g6 4.Bg2 Bg7 5.O-O O-O 6.c4 dxc4 7.Nc3 c5 8.dxc5 Qa5
9.Qc2 Na6 10.Bd2 Qxc5 11.a3 Qh5 12.Rfd1 Bh3 13.Bh1 Nc5 14.Re1 Rfd8 15.Rad1 Bf5
16.e4 Bg4 17.Re3 Bh6 18.Rde1 Bxe3 19.Rxe3 Bxf3 20.Bxf3 Ng4 21.Bxg4 Qxg4 22.Nd5
Qd7 23.Bb4 Rac8 24.Qxc4 b6 25.Qf1 Qd6 26.a4 Rd7 27.Qh3 Qe6 28.Qh4 f6 29.b3 g5
30.Qh6 Nxe4 31.Nc3 Rd4 32.f3 Rxb4 33.Nxe4 Rc1+ 34.Kg2 Rd4 35.g4 Rd2+ {#R} 0-1

[Event "Czech League 2006/07 (1st) West"]
[Site "masterchessopen.com Czech Republic"]
[Date "2007.03.04"]
[Round "9"]
[White "Hala Bohumil (CZE)"]
[Black "Skliba Martin (CZE)"]
[Result "1-0"]
[WhiteElo "2275"]
[BlackElo "2255"]

1.d4 Nf6 2.Nf3 g6 3.g3 Bg7 4.Bg2 O-O 5.O-O d5 6.c4 dxc4 7.Na3 Nc6 8.Nxc4 Be6
9.b3 Bd5 10.Bb2 a5 11.Ne3 Be4 12.a3 Nd5 13.Nc4 Nb6 14.Ncd2 Bf5 15.e3 Qd7
16.Re1 Rad8 17.Nc4 Rfe8 18.d5 Bxb2 19.Nxb2 Qc8 20.Qc1 Nb8 21.e4 Bg4 22.Ne5 Bh3
23.Bxh3 Qxh3 24.Qxc7 Rd6 25.Nbc4 Nxc4 26.Nxc4 Rf6 27.Ra2 g5 28.Ne3 g4 29.e5
Rh6 30.Nf1 Rg6 31.Rae2 Na6 32.Qxb7 {#r} 1-0

[Event "Hessenliga 2006/07"]
[Site "masterchessopen.com Hessen (Germany)"]
[Date "2007.03.25"]
[Round "9"]
[White "Beha Alfred (GER)"]
[Black "Nolting Arno (GER)"]
[Result "1-0"]
[WhiteElo "2193"]
[BlackElo "2195"]

1.Nf3 Nf6 2.g3 g6 3.d4 Bg7 4.c4 d5 5.Bg2 O-O 6.O-O dxc4 7.Na3 c3 8.bxc3 c5
9.e3 Nc6 10.Qe2 Qa5 11.Bb2 Rd8 12.Nd2 Bg4 13.f3 Be6 14.Nb3 Bxb3 15.axb3 Qb6
16.Qb5 Na5 17.Qa4 Nd5 18.Nb5 Nc6 19.Rfe1 a6 20.c4 Nxe3 21.Rxe3 cxd4 22.Rd3
axb5 23.Qxb5 Rxa1+ 24.Bxa1 Qxb5 25.cxb5 Nb4 26.Rd2 e5 27.f4 b6 28.fxe5 Bxe5
29.Kf2 f5 30.Bc3 Nd5 31.Bxd4 Nc3 32.Bxc3 {#r} 1-0

[Event "Ch Vietnam"]
[Site "masterchessopen.com Hue (Vietnam)"]
[Date "2007.04.08"]
[Round "6"]
[White "Tu Hoang Thai (VIE)"]
[Black "Nguyen Hoang Nam (VIE)"]
[Result "1-0"]
[WhiteElo "2395"]
[BlackElo "2156"]

1.d4 Nf6 2.Nf3 g6 3.g3 Bg7 4.Bg2 O-O 5.O-O d5 6.c4 dxc4 7.Na3 Nc6 8.Nxc4 Be6
9.b3 Bd5 10.Bb2 a5 11.Rc1 a4 12.bxa4 Ra6 13.a3 Qa8 14.Ne3 Be4 15.Nd2 Bxg2
16.Nxg2 Rxa4 17.e3 Rd8 18.Qc2 Ra5 19.Ne1 Qc8 20.f3 Nd5 21.Nc4 Rb5 22.Ng2 Qa8
23.Rf2 e6 24.Rd1 Nb6 25.Nf4 Qa7 26.Nd3 Ne7 27.Nce5 c6 28.Kg2 Qa4 29.f4 Bxe5
30.fxe5 Qxc2 31.Rxc2 Na4 32.Bc1 Rb3 33.Rc4 b5 34.Rc2 Nc3 35.Nc5 Rxa3 36.Rd3
{#r} 1-0

[Event "Cup President (active)"]
[Site "masterchessopen.com Ankara (Turkey)"]
[Date "2007.04.29"]
[Round "10"]
[White "Ozturk Kubra (TUR)"]
[Black "Atakisi Umut (TUR)"]
[Result "0-1"]
[WhiteElo "2174"]
[BlackElo "2399"]

1.d4 Nf6 2.Nf3 g6 3.g3 Bg7 4.Bg2 O-O 5.O-O d5 6.c4 dxc4 7.Qa4 Nd5 8.Qxc4 Nb6
9.Qd3 Nc6 10.Rd1 Bf5 11.e4 Bg4 12.Be3 e5 13.d5 Nd4 14.Bxd4 exd4 15.Nbd2 c5
16.h3 Bd7 17.b4 cxb4 18.Nxd4 Na4 19.N2b3 Nb2 20.Qd2 Nxd1 21.Rxd1 Qb6 22.f4 a5
23.e5 a4 24.Nc1 Rfc8 25.Kh2 Ra5 26.Nce2 b3 27.axb3 axb3 28.Rb1 Ra2 29.Qd1 b2
30.e6 Be8 31.d6 Qxd6 32.Qb3 Ra1 33.exf7+ Bxf7 34.Qxb7 Rb8 {#R} 0-1

[Event "It (open) \"]
[Site "masterchessopen.com Nuernberg (Germany)"]
[Date "2007.09.08"]
[Round "4"]
[White "Gutman Lev (GER)"]
[Black "Schuetze Norman (GER)"]
[Result "1-0"]
[WhiteElo "2424"]
[BlackElo "2324"]

1.Nf3 Nf6 2.g3 g6 3.Bg2 Bg7 4.O-O d5 5.d4 O-O 6.c4 dxc4 7.Na3 Nc6 8.Nxc4 Be6
9.b3 Bd5 10.Bb2 a5 11.Ne3 Be4 12.a3 Qc8 13.Nc4 Rd8 14.e3 h6 15.Ncd2 Bd5 16.Qc2
Qe6 17.Rac1 Ne4 18.Rfd1 Nxd2 19.Nxd2 Bxg2 20.Kxg2 f5 21.Nb1 Qf7 22.Qc4 e6
23.Nc3 g5 24.Na4 Bf8 25.f3 Rac8 26.e4 fxe4 27.fxe4 Qg6 28.Re1 Bg7 29.Nc5 Nxd4
30.Nxb7 Nxb3 31.Nxd8 Nxc1 32.Nxe6 {#r} 1-0

[Event "Memorijal Milje Vujovic"]
[Site "masterchessopen.com Novi Sad (Yugoslavia)"]
[Date "2007.09.24"]
[Round "2"]
[White "Kanjuh Vladimir (SRB)"]
[Black "Tesic Dragan (SRB)"]
[Result "0-1"]
[WhiteElo "2061"]
[BlackElo "2402"]

1.d4 Nf6 2.Nf3 g6 3.g3 d5 4.Bg2 Bg7 5.c4 O-O 6.O-O dxc4 7.Ne5 Ng4 8.Nxg4 Bxg4
9.Bxb7 Nd7 10.Bxa8 Qxa8 11.f3 Bh3 12.Re1 Rd8 13.e4 Nc5 14.Be3 Nd3 15.Re2 c5
16.d5 Nxb2 17.Qc2 Nd3 18.Nc3 Rb8 19.Bc1 Bd4+ 20.Kh1 Bf1 21.Re3 Rb6 22.Rb1 Bxc3
23.Rxb6 axb6 24.Qxc3 Qxa2 25.Bd2 Bh3 26.Kg1 b5 27.Rxd3 Qb1+ 28.Kf2 Qf1+ 29.Ke3
Qg1+ 30.Kf4 f6 31.g4 Qxh2+ 32.Ke3 Bf1 33.Bc1 Bxd3 34.g5 Qg1+ {#R} 0-1

[Event "Bayern Landesliga South 2007/08"]
[Site "masterchessopen.com Bayern (Germany)"]
[Date "2007.10.21"]
[Round "1"]
[White "Pezerovic Edin (GER)"]
[Black "Bensch Patrick (GER)"]
[Result "1-0"]
[WhiteElo "2428"]
[BlackElo "2274"]

1.d4 Nf6 2.Nf3 g6 3.g3 Bg7 4.Bg2 O-O 5.O-O d5 6.c4 dxc4 7.Na3 c3 8.bxc3 c5
9.Nc4 Nc6 10.Ba3 Ne4 11.Rc1 Bf5 12.e3 Rc8 13.Nh4 Be6 14.Bxe4 Bxc4 15.Re1 cxd4
16.cxd4 Bd5 17.Bxd5 Qxd5 18.Re2 Rfd8 19.Rc5 Qd7 20.Rd2 b6 21.Rcc2 Na5 22.Qc1
b5 23.Rxc8 Rxc8 24.Rc2 Rxc2 25.Qxc2 Nc4 26.Bc5 e5 27.Qe4 Bf6 28.Nf3 exd4
29.Nxd4 Nb6 30.Bxb6 axb6 31.Qc6 Qa7 32.Qxf6 {#r} 1-0

[Event "It (open) (active)"]
[Site "masterchessopen.com El Sauzal (Spain)"]
[Date "2007.11.03"]
[Round "2"]
[White "Perez Guijarro Eduardo (ESP)"]
[Black "Novoselski Zoran (SRB)"]
[Result "0-1"]
[WhiteElo "1930"]
[BlackElo "2375"]

1.d4 g6 2.Nf3 Bg7 3.g3 Nf6 4.Bg2 O-O 5.O-O d5 6.c4 dxc4 7.Ne5 Nc6 8.Nxc6 bxc6
9.Bxc6 Rb8 10.Nc3 Rb6 11.Bg2 Ba6 12.Rb1 e6 13.Bg5 h6 14.Bf4 Nd5 15.Nxd5 exd5
16.Qd2 g5 17.Be3 Re8 18.Rfe1 Bf8 19.b4 Bb5 20.f4 g4 21.h3 h5 22.h4 Ra6 23.f5
Bd6 24.Bg5 f6 25.Bxd5+ Kh7 26.Be3 Bxg3 27.Rf1 Ra3 {#R} 0-1

[Event "Oberliga East B 2007/08"]
[Site "masterchessopen.com Germany"]
[Date "2007.11.04"]
[Round "3"]
[White "Kleschtschow Juri (GER)"]
[Black "Reichel Norbert (GER)"]
[Result "0-1"]
[WhiteElo "2117"]
[BlackElo "2186"]

1.d4 Nf6 2.Nf3 g6 3.g3 Bg7 4.Bg2 O-O 5.O-O d5 6.c4 dxc4 7.Na3 c6 8.Nxc4 Be6
9.Nce5 Bd5 10.Bf4 Nbd7 11.Qc1 Nxe5 12.Bxe5 Nd7 13.Bxg7 Kxg7 14.Rd1 Nf6 15.Ne5
Bxg2 16.Kxg2 Qb6 17.b3 Rfd8 18.Qf4 Rac8 19.g4 Rf8 20.e4 Qc7 21.Rd3 h5 22.gxh5
Nxh5 23.Qg5 Nf6 24.Ng4 Rh8 25.Qe5 Qxe5 26.Nxe5 Nxe4 27.f3 Nd6 28.Re1 e6 29.Nd7
Rcd8 30.Nc5 b6 31.Ne4 Nf5 32.Red1 e5 {#R} 0-1

[Event "Ch World (juniors) (under 16) (g)"]
[Site "masterchessopen.com Kemer (Turkey)"]
[Date "2007.11.28"]
[Round "11"]
[White "Ozturk Kubra (TUR)"]
[Black "Girya Olga (RUS)"]
[Result "1-0"]
[WhiteElo "2174"]
[BlackElo "2338"]

1.d4 Nf6 2.Nf3 g6 3.g3 Bg7 4.Bg2 d5 5.O-O O-O 6.c4 dxc4 7.Ne5 Nbd7 8.Nxc4 c5
9.Nc3 cxd4 10.Qxd4 Qc7 11.Nb5 Qc5 12.Qxc5 Nxc5 13.Be3 Nfd7 14.Rac1 Ne6 15.Bxa7
Nc7 16.Nxc7 Rxa7 17.a3 Nf6 18.Rfd1 Bd7 19.Nb6 Bf5 20.Nb5 Ra6 21.Nc4 Bd7 22.Nd4
Rb8 23.e3 Ne8 24.b4 Nd6 25.Na5 b6 26.Nac6 Re8 27.Rd3 Kf8 28.f4 Bc8 29.Nb8 Bf5
30.Nxf5 Rxb8 31.Nxd6 exd6 32.Rc7 Re8 33.Bc6 Bb2 34.Bxe8 Kxe8 35.Rc2 Rxa3
36.Rxd6 {#r} 1-0

[Event "Tournament (Elo) (a)"]
[Site "masterchessopen.com Budapest (Hungary)"]
[Date "2007.12.04"]
[Round "4"]
[White "Mizsei Janos (HUN)"]
[Black "Tessedik Karoly (HUN)"]
[Result "1-0"]
[WhiteElo "2096"]
[BlackElo "2037"]

1.d4 Nf6 2.c4 g6 3.Nf3 Bg7 4.g3 O-O 5.Bg2 d5 6.O-O dxc4 7.Ne5 c6 8.Nc3 Na6
9.Nxc4 Be6 10.Ne5 Nd5 11.Qa4 Nac7 12.e4 Nb6 13.Qd1 f6 14.Nf3 Qd7 15.Re1 Bg4
16.Qb3+ Be6 17.Qc2 Rfd8 18.Bf4 Ne8 19.Rad1 g5 20.Bc1 Bh3 21.Bxh3 Qxh3 22.Qb3+
{#r} 1-0

[Event "Ch Antalya (open)"]
[Site "masterchessopen.com Antalya (Turkey)"]
[Date "2008.02.10"]
[Round "11"]
[White "Akkok Durdu (TUR)"]
[Black "Orak Ersin (TUR)"]
[Result "0-1"]
[WhiteElo "1876"]
[BlackElo "1982"]

1.d4 Nf6 2.Nf3 g6 3.g3 Bg7 4.Bg2 O-O 5.O-O d5 6.c4 dxc4 7.Ne5 Nc6 8.Nxc6 bxc6
9.Bxc6 Bh3 10.Re1 Rb8 11.Nc3 Qd6 12.Bg2 Bxg2 13.Kxg2 Nh5 14.e3 c5 15.dxc5 Qxc5
16.Rb1 Bxc3 17.Re2 Rfd8 18.Qc2 Qd5+ 19.f3 Qd3 {#R} 0-1

[Event "Ch Netherlands (team) 2007/08"]
[Site "masterchessopen.com Netherlands"]
[Date "2008.03.08"]
[Round "7"]
[White "Nikolic Predrag (BIH)"]
[Black "Swinkels Robin (NED)"]
[Result "1-0"]
[WhiteElo "2669"]
[BlackElo "2451"]

{ Nikolic Predrag (BIH) +12 =12 -6 Swinkels Robin (NED) +1 =0 -0 } 1.d4 Nf6
2.Nf3 g6 3.g3 Bg7 4.Bg2 d5 5.O-O O-O 6.c4 dxc4 7.Na3 Nc6 8.Nxc4 Be6 9.b3 Bd5
10.Bb2 a5 ( 10...Ne4 11.e3 f5 12.Nfe5 a5 13.a3 e6 14.f3 Nf6 15.Qd3 Nxe5
16.Nxe5 Nd7 17.Nxd7 Qxd7 18.Rac1 Bc6 19.Rfd1 Rfd8 20.Qc2 Qe7 21.f4 Bxg2
22.Kxg2 c6 23.Rd3 Rd5 24.Rc3 Rad8 25.Rc5 Bf8 26.Rc4 Qd7 27.Qc3 Bg7 28.Rc5 Rxc5
29.Qxc5 Qd5+ 30.Qxd5 { ...0-1, Perich Stefano 2003 - Swinkels Robin 2231 ,
Arco 2003 It (open) } ) 11.Ne3 Be4 { = } 12.a3 Qc8 ( 12...Ne8 13.Nc2 a4 14.b4
Nd6 15.Nfe1 Bxg2 16.Nxg2 Qd7 17.Qd3 Qf5 18.Rad1 Rfd8 19.f3 Qxd3 20.Rxd3 Nb5
21.Rfd1 Rd7 22.Nge1 Rad8 23.e3 b6 24.f4 f5 25.Kf1 Nb8 26.Ba1 Rd5 27.Ke2 Nd7
28.Nf3 Nf6 29.Ne5 Ne4 30.Nc6 R8d7 31.Ne1 Kf8 32.Nf3 { ...0-1, Makinano Anthony
2337 - Rogers Ian 2526 , Kuala Lumpur 22. 8.2006 It (open) } ) 13.Nc4 Rd8
14.e3 Bd5 ( 14...h6 15.Qe2 Qe6 16.Rac1 Bd5 17.Rfd1 Ne4 18.Qc2 f5 19.Nfd2 Nxd2
20.Nxd2 Bxg2 21.Kxg2 Rd5 22.Nb1 Qf7 23.Nc3 Rd7 24.Na4 Rd6 25.Nc5 Nd8 26.Nd3
Rc6 27.Bc3 Qd5+ 28.Kg1 Ne6 29.b4 Ng5 30.Nf4 Qf3 31.h4 Ne4 32.Qb3+ Kh7 33.Be1
axb4 34.Rxc6 { ...0-1, McFarland Robert 2267 - Baburin Alexander 2593 ,
Scarborough 1999 Ch Great Britain } ) 15.Qe2 ( 15.Rc1 Qe6 16.Qe2 h6 17.Rfd1
Ne8 18.Re1 f5 19.Ncd2 Nf6 20.Ne5 Bxg2 21.Kxg2 Nxe5 22.dxe5 Qd5+ 23.Nf3 Ne4
24.Red1 Qxb3 25.Nd4 Qb6 26.f3 c5 27.fxe4 cxd4 28.exd4 fxe4 29.Ba1 Rac8 30.Qxe4
Rxc1 31.Rxc1 Qb3 32.Qxg6 Rf8 33.Bc3 Qxa3 34.Bd2 Qa2 { ...0-1, Nikolic Predrag
2676 - Ruck Robert 2562 , Celje 2003 Ch Slovenia (team) } ) 15...h6 { -0.04
CAP } ( 15...Ne4 16.Rac1 f5 17.Rfd1 Qe6 18.Ne1 g5 19.a4 b6 20.Nd3 Rd7 21.Re1
Re8 22.f3 Nd6 23.Qc2 Qg6 24.Kh1 Nf7 25.Nd2 Nb4 26.Nxb4 axb4 27.e4 fxe4 28.fxe4
Bb7 29.d5 Bxb2 30.Qxb2 e6 31.Nc4 Red8 32.Qd2 Qg7 33.Ne3 Ne5 34.Red1 g4 35.Qxb4
{ ...1-0, Winants Luc 2497 - Meessen Rudolf 2323 , Charleroi 2001 Ch Belgium }
) 16.Rfd1 { N } ( 16.Rac1 Qe6 17.Rfd1 Be4 18.Bf1 g5 19.Ne1 g4 20.Nd2 Bd5
21.Nd3 Qf5 22.Nf4 e6 23.Nxd5 exd5 24.Bg2 Ra6 25.e4 dxe4 26.Nxe4 Rb6 27.Nxf6+
Qxf6 28.Rd3 Nxd4 29.Rxd4 Rxd4 30.Qe8+ Bf8 31.Bd5 c5 32.Bxd4 cxd4 33.Rc7 Re6
34.Bxe6 fxe6 35.Qh5 { 1-0, Padevsky Nikola 2480 - Whiteley Andrew J 2340 ,
Nice 1974 Olympiad } ) 16...Qe6 17.Ne1 Bxg2 18.Nxg2 g5 19.Rac1 Ne8 20.Qf3 Qg6
21.Ne1 Nd6 22.Nd3 g4 23.Qe2 Ne4 24.Nf4 Qg5 25.d5 Nb8 26.Bxg7 Kxg7 27.Nd2 Nxd2
28.Rxd2 c6 29.Rc4 Kf8 { ? } ( { ? } 29...Kh7 30.Qd1 h5 31.Rcd4 Kh6 32.h4 Qf5
33.e4 Qe5 { } ) 30.Ne6+ fxe6 31.Rf4+ { } {#r} 1-0

[Event "Tournament (open)"]
[Site "masterchessopen.com Rio de Janeiro (Brazil)"]
[Date "2008.03.29"]
[Round "6"]
[White "Campos Alexandre Ferreira (BRA)"]
[Black "Ferreira Jose Carlos (BRA)"]
[Result "1-0"]
[WhiteElo "2133"]
[BlackElo "2015"]

1.g3 Nf6 2.Bg2 d5 3.Nf3 g6 4.O-O Bg7 5.c4 O-O 6.d4 dxc4 7.Qa4 Nfd7 8.Qxc4 Nb6
9.Qc2 Nc6 10.Rd1 Nb4 11.Qb3 a5 12.e4 Bd7 13.Nc3 Na6 14.Be3 a4 15.Qc2 Nb4
16.Qe2 Qc8 17.Rac1 Qe8 18.a3 Na6 19.d5 Rc8 20.Nd4 e5 21.Ndb5 Na8 22.Bf1 f5
23.f3 f4 24.Bf2 fxg3 25.hxg3 Qf7 26.Bg2 Bh6 27.Rc2 Qf6 28.Nxa4 c6 29.Na7 Rc7
30.d6 Rcc8 31.Nxc8 Rxc8 32.b4 Bf8 33.Qd3 c5 34.bxc5 Bxa4 35.Qc4+ Qf7 36.Qxa4
{#r} 1-0

[Event "Ch Russia (juniors) (under 18) (g)"]
[Site "masterchessopen.com Dagomys (Russia)"]
[Round "6"]
[White "Galmakova Kristina (RUS)"]
[Black "Kindinova Ekaterina (RUS)"]
[Result "1-0"]
[WhiteElo "2042"]
[BlackElo "2126"]

1.d4 Nf6 2.Nf3 g6 3.g3 Bg7 4.Bg2 O-O 5.O-O d5 6.c4 dxc4 7.Nc3 Nc6 8.e4 Bg4
9.Be3 a6 10.e5 Nd5 11.Nxd5 Qxd5 12.h3 Bxf3 13.Bxf3 Qd7 14.Rc1 b5 15.b3 Rad8
16.Bxc6 Qxc6 17.Qc2 Qe6 18.bxc4 c5 19.d5 Qxe5 20.Bxc5 Qc7 21.cxb5 Rxd5 22.Qc4
Rh5 23.bxa6 Rxh3 24.Qg4 Rh5 25.Be3 Qa5 26.a7 Qd5 27.f3 e6 28.Qc4 Qe5 29.Qf4
Qb2 30.Rf2 Qb7 31.Qe4 Qa6 32.Rfc2 Re5 33.a8=Q Rxe4 34.Qxa6 {#r} 1-0

[Event "Ch Europe"]
[Site "masterchessopen.com Plovdiv (Bulgaria)"]
[Date "2008.04.27"]
[Round "7"]
[White "Drasko Milan (MNE)"]
[Black "Damaso Rui (POR)"]
[Result "1-0"]
[WhiteElo "2537"]
[BlackElo "2425"]

1.Nf3 Nf6 2.g3 g6 3.Bg2 Bg7 4.d4 O-O 5.c4 d5 6.O-O dxc4 7.Na3 Nc6 8.Nxc4 Be6
9.b3 a5 10.Bb2 a4 11.Ng5 Bxc4 12.bxc4 a3 13.Bc3 Nd7 14.Rc1 e5 15.d5 Na5 16.Ne4
f5 17.Nd2 e4 18.f3 e3 19.Nb1 f4 20.Bxg7 Kxg7 21.Qd4+ Qf6 22.Qxf6+ Rxf6 23.Rc3
g5 24.Nxa3 Rb6 25.Nb5 c6 26.Nc7 {#r} 1-0

[Event "Ch Europe (schools) (team)"]
[Site "masterchessopen.com Halkidiki (Greece)"]
[Date "2008.05.02"]
[Round "5"]
[White "Unapkoshvili Nani (GEO)"]
[Black "Venkova Polina (BUL)"]
[Result "1-0"]
[WhiteElo "1916"]
[BlackElo "1767"]

1.d4 Nf6 2.c4 g6 3.g3 Bg7 4.Bg2 d5 5.Nf3 O-O 6.O-O dxc4 7.Ne5 Ne8 8.f4 Nd6
9.Be3 Nd7 10.Na3 Nb6 11.Rc1 Rb8 12.Bf2 Be6 13.d5 Bd7 14.e4 a6 15.Nxd7 Qxd7
16.e5 Nf5 17.Nxc4 Nxc4 18.Rxc4 Rbc8 19.Qc2 a5 20.Rc1 Qb5 21.Rc5 Qd7 22.Rxc7
Rxc7 23.Qxc7 Qxc7 24.Rxc7 b5 25.g4 Nh6 26.h3 {#r} 1-0

[Event "It (open)"]
[Site "masterchessopen.com Krakow (Poland)"]
[Date "2008.05.04"]
[Round "9"]
[White "Stupak Kirill (BLR)"]
[Black "Nurkiewicz Maciej (POL)"]
[Result "1-0"]
[WhiteElo "2451"]
[BlackElo "2379"]

1.d4 Nf6 2.g3 d5 3.Bg2 g6 4.Nf3 Bg7 5.O-O O-O 6.c4 dxc4 7.Na3 Nc6 8.Nxc4 Be6
9.b3 a5 10.a4 Bd5 11.Ba3 Re8 12.e3 b6 13.Rc1 Qb8 14.Nfe5 Nxe5 15.Nxe5 Bxg2
16.Kxg2 c5 17.Qf3 cxd4 18.exd4 Bf8 19.Rfe1 Kg7 20.g4 e6 21.g5 Nd5 22.Qxf7+ Kh8
23.Re4 {#r} 1-0

[Event "It (open) \"]
[Site "masterchessopen.com Berdsk (Russia)"]
[Date "2008.07.08"]
[Round "1"]
[White "Ovchinnikova Alexandra (RUS)"]
[Black "Shkurkin Nikolai (RUS)"]
[Result "0-1"]
[WhiteElo "1855"]
[BlackElo "2193"]

1.d4 Nf6 2.c4 g6 3.Nf3 Bg7 4.g3 d5 5.Bg2 O-O 6.O-O dxc4 7.Qa4 Nc6 8.Qxc4 Be6
9.Qa4 Nd5 10.Rd1 Nb6 11.Qc2 Bf5 12.e4 Bg4 13.d5 Ne5 14.Nbd2 Qc8 15.Re1 c6
16.Nxe5 Bxe5 17.dxc6 bxc6 18.Nb3 Qe6 19.Be3 Rad8 20.f4 Bg7 21.e5 Nd5 22.Bc5 a5
23.a3 Bf5 24.Qf2 Nxf4 25.Nd4 Rxd4 26.Qxd4 Nd3 27.Re3 Bxe5 28.Qh4 Nxc5 29.Rc1
Qd6 30.Re2 Rc8 31.Rce1 Bd4+ 32.Kh1 e5 33.g4 Bd3 34.Rd2 e4 {#R} 0-1